| 000 | 00686nam a2200193Ia 4500 | ||
|---|---|---|---|
| 003 | GCL | ||
| 008 | 140319s9999 xx 000 0 ara d | ||
| 040 |
_aGCL / _cGCL |
||
| 082 | 0 | 4 |
_a953.809 _bم ت |
| 100 | 1 | _aمركز البحوث والدراسات الكويتية | |
| 245 | 1 | 0 |
_aتدمير ابار نفط الكويت حقائق من الوثائق العراقية / _cمركز البحوث والدراسات الكويتية |
| 300 | _a32 ص | ||
| 490 | _a | ||
| 650 | 0 | 4 | _aالكويت |
| 650 | 0 | 4 | _aحرب الخليج |
| 650 | 0 | 4 | _aالعراق - تاريخ -العصر الحديث |
| 650 | 0 | 4 | _aالكويت - تاريخ - العصر الحديث |
| 942 |
_2ddc _cBK |
||
| 999 |
_c52258 _d52258 |
||